EPL 03/04 season goals and assists Quiz Stats

 Plays Quiz not verified by Sporcle

Score 0/50 Timer 07:00
0 Plays Today
Goals/Assists Player % Correct
GoalsThierry Henry
98.6%
AssistsThierry Henry
98.6%
GoalsAlan Shearer
91.5%
GoalsRuud van Nistelrooy
91.5%
GoalsMichael Owen
83.1%
AssistsSteven Gerrard
80.3%
AssistsRyan Giggs
76.1%
AssistsPaul Scholes
71.8%
AssistsRobert Pires
70.4%
GoalsNikolas Anelka
69%
GoalsRobbie Keane
69%
GoalsMarcus Bent
69%
AssistsDamien Duff
67.6%
GoalsAndrew Cole
66.2%
AssistsAndrew Cole
66.2%
AssistsJoe Cole
66.2%
GoalsKevin Phillips
63.4%
GoalsJimmy Floyd Hasselbaink
63.4%
GoalsMark Viduka
63.4%
AssistsJimmy Floyd Hasselbaink
63.4%
GoalsWayne Rooney
62%
GoalsAlan Smith
57.7%
AssistsDennis Bergkamp
57.7%
GoalsYakubu Aiyegbeni
52.1%
GoalsJames Beattie
52.1%
Goals/Assists Player % Correct
AssistsKevin Davies
52.1%
AssistsJames Beattie
52.1%
GoalsLouis Saha
50.7%
GoalsJuan Pablo Angel
49.3%
GoalsTeddy Sheringham
47.9%
GoalsMikael Forssell
45.1%
AssistsMuzzy Izzet
45.1%
GoalsHernan Crespo
36.6%
AssistsGareth Barry
36.6%
AssistsLaurent Robert
36.6%
GoalsDarius Vassell
33.8%
GoalsLuis Boa Morte
32.4%
AssistsLuis Boa Morte
32.4%
GoalsLes Ferdinand
28.2%
AssistsSteed Malbranque
28.2%
AssistsAdrian Mutu
26.8%
GoalsJason Euell
21.1%
AssistsPatrik Berger
21.1%
AssistsPaulo Di Canio
16.9%
GoalsPaul Dickov
15.5%
AssistsTugay Kerimoglu
12.7%
AssistsThomas Radzinski
12.7%
AssistsBrett Emerton
5.6%
AssistsThomas Hitzlsperger
1.4%
AssistsJermaine Pennant
1.4%

You're not logged in!

Compare scores with friends on all Sporcle quizzes.
OR
Log In

Show Comments

Extras

Top Quizzes Today


Score Distribution

Your Account Isn't Verified!

In order to create a playlist on Sporcle, you need to verify the email address you used during registration. Go to your Sporcle Settings to finish the process.

Report this User

Report this user for behavior that violates our Community Guidelines.

Details: